Nákupná metóda - metóda účtovania podnikových kombinácií
Na minha lista:
| Autor principal: | |
|---|---|
| Formato: | Capítulo de Livro |
| Idioma: | eslovaco |
| Tags: |
Sem tags, seja o primeiro a adicionar uma tag!
|
MARC
| LEADER | 00000naa$a2200000$$$4500 | ||
|---|---|---|---|
| 001 | 0062246 | ||
| 005 | 20240502083149.9 | ||
| 041 | 0 | |a slo | |
| 044 | |a CZ | ||
| 245 | 1 | 0 | |a Nákupná metóda - metóda účtovania podnikových kombinácií |c Renáta Parišová |
| 100 | 1 | |a Parišová, Renáta, 1977- | |